HIGH COURT CRIMINAL SESSION No.477 of 1969 Uganda Vs Charles Mussa Mere (Record no. 6341)
[ view plain ]
| 000 -LEADER | |
|---|---|
| fixed length control field | 00485nam a22001097a 4500 |
| 008 - FIXED-LENGTH DATA ELEMENTS--GENERAL INFORMATION | |
| fixed length control field | 150617b xxu||||| |||| 00| 0 eng d |
| 010 ## - LIBRARY OF CONGRESS CONTROL NUMBER | |
| Field link and sequence number | SCCRSF: 004 |
| 245 ## - TITLE STATEMENT | |
| Title | HIGH COURT CRIMINAL SESSION No.477 of 1969 Uganda Vs Charles Mussa Mere |
| 260 ## - PUBLICATION, DISTRIBUTION, ETC. (IMPRINT) | |
| Place of publication, distribution, etc | High Court Kampala |
| 500 ## - GENERAL NOTE | |
| Materials specified | (Original Criminal case No. NB.MC.MI.145/69of 1968 in the Chief Magistrate's Court Of Tororo at Tororo<br/>Before - His Worship John De Kello Esq., M. Gr.1)<br/> |
| 500 ## - GENERAL NOTE | |
| Materials specified | Before: The Hon. Mr. Justice S.Musoke |
| Withdrawn status | Lost status | Source of classification or shelving scheme | Damaged status | Koha normalized classification for sorting | Not for loan | Location (home branch) | Sublocation or collection (holding branch) | Shelving location | Date acquired | Koha issues (times borrowed) | Koha full call number | Piece designation (barcode) | Koha date last seen | Price effective from | Koha item type | Public note |
|---|---|---|---|---|---|---|---|---|---|---|---|---|---|---|---|---|
| Dewey Decimal Classification | HCCRSF_004 | Archives | Archives | Archives | 06/17/2015 | HCCrSF:004 | 0594/2015 | 06/17/2015 | 06/17/2015 | Un Reported Cases | Judgement entered on 31/Dec/1969 |
